Periodic Table Elements Starting With T - Statistics

General Stats
  • This quiz has been taken 39 times
  • The average score is 15 of 22
Answer Stats
Answer % Correct
Ti
90%
Ta
87%
Te
87%
Th
84%
Titanium
84%
Tc
74%
Tin
74%
Tm
74%
Tungsten
74%
Tb
71%
Tellurium
71%
Ts
71%
Tl
68%
Thallium
65%
Tantalum
61%
Technetium
61%
Thorium
61%
Terbium
58%
Thulium
58%
Sn
55%
Tennessine
55%
W
55%
No matching quizzes found
Score Distribution
Percent of People with Each Score
Percentile by Number Answered
Your Score History
You have not taken this quiz